03025nam a2200277 a 4500003000500000005001700005007001500022008004100037035001100078040000900089100003900098245024600137264004100383300006000424336002800484337002900512338004000541502003500581520191100616650003702527650002302564650001902587700003002606700005802636856005302694CHAP20240924102730.0cr ||||||a|c|a101108s2010 mx r 00010 spa d a111355 cCHAP1 aGonzález Carrillo, Perla Andrea.10aCaracterización del comportamiento poscosecha de frutos partenocárpicos de mango (Mangifera indica L.) variedad ataulfoc/por Perla Andrea González Carrillo y Abel López Avendaño; director de tesis José Joel E. Corrales García. 1aChapingo, Méx. :bEl autor,c2010. a1 recurso en línea (95 páginas):bcuadros, figuras. 2rdacontentatexto btxt 2rdamediaacomputadorabc 2rdacarrierarecursos en líneabcr bIAcAgroindustriasd2010.gLIC aLos frutos partenocárpicos de mango variedad „Ataulfo‟, han venido cobrando importancia, hasta el grado que se comercializan a un precio superior que el mango „Ataulfo‟. Para diseñar estrategias de manejo postcosecha es fundamental conocer el patrón de cambios como un referente ante la falta de información concerniente sobre estos frutos.La investigación se realizó con frutos partenocárpicos de mango „Ataulfo‟ (mango niño) procedentes de las regiones productoras de mango (Chiapas y Nayarit). Los frutos se dividieron en dos grupos,1) testigo (almacenados a temperatura ambiente, 20°C, 56% H.R.) y 2) los almacenados en refrigeración durante 1, 2 y 3 semanas (10°C±2, 94%H.R.), con el fin de caracterizar y comparar el comportamiento postcosecha de los frutos de las dos regiones de origen. Se determinó el patrón de respiración, pérdida de peso, Sólidos Solubles Totales (°Brix), acidez titulable, azúcares reductores y totales, pH, firmeza, color en piel, proporción pulpa/fruto, daños por frío y evaluación visual. Las evaluaciones se realizaron durante siete días para los frutos testigo, de igual forma para los frutos refrigerados después de pasar su periodo de almacenamiento. Los resultados muestran que los frutos del estado de Chiapas, presentaron mejores características, tanto para los frutos testigo, como aquellos que fueron refrigerados (10°C±2, 94%H.R.), mostrando mayor resistencia al frío. La principal limitante en la vida postcosecha de los frutos partenocárpicos de ambos lugares de origen, fue la deshidratación. Los frutos que fueron almacenados en refrigeración (10°C±2, 94%H.R.), al exponerlos al ambiente aceleraron el proceso de maduración y presentaron daños por frío a partir de la segunda semana en almacenamiento para los frutos de Nayarit y para Chiapas a la tercera semana de almacenamiento.04aMangoxTecnología postcosecha.04aMangoxVariedades.04aPartenocarpia.1 aLópez Avendaño, Abel. aCorrales García, José Joel E.eDirector de tesis. uhttp://10.13.5.2/tesis/111355.pdfzDESCARGAR PDF